| 000 | 00783nam a22002177a 4500 | ||
|---|---|---|---|
| 999 |
_c11744 _d11744 |
||
| 003 | AR-CdUCM | ||
| 008 | 190404b ||||| |||| 00| 0 spa d | ||
| 040 |
_aMUNICIPALIDAD PROVINCIAL DEL CUSCO _cBIBLIOTECA MUNICIPAL DEL CUSCO |
||
| 082 |
_25ed _a373.22 / _bG91 |
||
| 100 |
_aGuillén de Rezzano, Clotilde _927047 |
||
| 245 | _aLos centros de interés en la escuela / | ||
| 260 |
_aBuenos Aires : _bLosada, _c1943. |
||
| 300 |
_a237 páginas ; _c19 cm. |
||
| 440 |
_aLa escuela activa _n3 _929249 |
||
| 505 | _aContenido: La granja -- El estado, la vaca, la leche -- La conejera -- El chiquero -- La colmena... | ||
| 650 |
_aMétodo Decroly _929250 |
||
| 650 |
_aEducación _9460 |
||
| 650 |
_aMétodo de investigación _922360 |
||
| 942 |
_2ddc _cLIBROS |
||
| 945 |
_adavv _d04/04/2019 |
||